|
|
|
|
| LEADER |
01551nam a2200349 a 4500 |
| 001 |
000012266 |
| 003 |
CZ BrMZK |
| 005 |
20211115090522.0 |
| 007 |
ta |
| 008 |
931124s1993 xr f p 000 m cze d |
| 015 |
|
|
|a cnb000082694
|
| 020 |
|
|
|a 80-210-0745-1
|c 40.00
|
| 040 |
|
|
|a BOA001
|b cze
|
| 080 |
|
|
|a 316:34(075.8)
|2 MRF
|
| 080 |
|
|
|a 34:316(075.8)
|2 MRF
|
| 100 |
1 |
|
|a Večeřa, Miloš,
|d 1949-
|7 skuk0005719
|4 aut
|
| 245 |
1 |
0 |
|a Texty ke studiu sociologie práva :
|b <<Určeno pro posl. práv. fak. >> /
|c ..., Martina Urbanová
|
| 250 |
|
|
|a 1. vyd.
|
| 260 |
|
|
|a Brno :
|b Masarykova univerzita,
|c 1993
|
| 300 |
|
|
|a 105 s.
|
| 490 |
1 |
|
|a Edice učebnic Právnické fakulty Masarykovy univerzity v Brně ;
|v Č. 71
|
| 653 |
0 |
|
|a sociologie práva
|
| 700 |
1 |
|
|a Urbanová, Martina,
|d 1962-
|7 mzk2003217628
|
| 830 |
|
0 |
|a Edice učebnic Právnické fakulty Masarykovy univerzity v Brně
|
| 910 |
|
|
|a BOA001
|b 2-0994.270
|
| 964 |
|
|
|a Sociologie práva - učebnice - školy vysoké
|
| 990 |
|
|
|a BK
|
| 996 |
7 |
|
|b 2610003531
|c 2-0994.270
|l MZK
|r Sklad / do 1 hodiny
|n 5
|p p.v.
|w 000012266
|u 000010
|a 1
|e BOA001
|j MZK50
|s A
|
| 996 |
6 |
|
|b 2610031559
|c 2-0994.270
|l MZK
|r Sklad / do 1 hodiny
|n 0
|p kup
|w 000012266
|u 000020
|a 1
|e BOA001
|j MZK50
|s P
|
| 996 |
7 |
|
|b 2610031560
|c 2-0994.270
|l MZK
|r Sklad / do 1 hodiny
|n 6
|p kup
|w 000012266
|u 000030
|a 1
|e BOA001
|j MZK50
|s A
|
| 996 |
7 |
|
|b 2610031561
|c 2-0994.270
|l MZK
|r Sklad / do 1 hodiny
|n 8
|p kup
|w 000012266
|u 000040
|a 1
|e BOA001
|j MZK50
|s A
|
| 996 |
7 |
|
|b 2610031562
|c 2-0994.270
|l MZK
|r Sklad / do 1 hodiny
|n 11
|p kup
|w 000012266
|u 000050
|a 1
|e BOA001
|j MZK50
|s A
|